00381nam a2200121Ia 45000010005000000080041000050820022000461000054000682450071001222600024001939010027002179990015002442857241024s9999 xx 000 0 und d aRD/374/R426i/2013 aRepública Dominicana. Ministerio de Educación 0aInforme contración de personal Plan Nacional de Alfabetización bSanto Domingoc2013 a8/4/2013 11:28:50 a.m. c8446d8446